| 000 | 00435cam a2200181ua 4500 | ||
|---|---|---|---|
| 020 | _c3.75 | ||
| 041 |
_ahin _h |
||
| 082 |
_a891.54 _bUPE/JU |
||
| 100 | _aUpendra Nath, Ashk . | ||
| 245 |
_aJudi ki sham ka geet / _cUpendra Nath Ashk. _hTextual Documents |
||
| 250 |
_a2 / _b. |
||
| 260 |
_aPrayag : _bNeelab Prakashan , _c1958. |
||
| 300 | _a204 ; . | ||
| 365 | _a3.75 | ||
| 504 | _a | ||
| 942 | _cBK | ||
| 999 |
_c8122 _d8122 |
||